|
|
|
|
| LEADER |
00000nab a2200000 a 4500 |
| 001 |
vtls000660716 |
| 003 |
SK-MaSNL |
| 005 |
20260305035926.0 |
| 008 |
180206c1998 xo 0 slo |
| 015 |
|
|
|a SNBRA1998/06-16466
|
| 035 |
|
|
|a CLN000012906
|
| 040 |
|
|
|a SNKBUCL
|b slo
|c SNKBUCL
|e AACR2
|
| 041 |
0 |
|
|a slo
|
| 044 |
|
|
|a xo
|c SK
|
| 080 |
|
|
|a 69(437.6)
|2 UDC-MRF-SK2
|
| 100 |
1 |
|
|a Fitzeková, Veronika
|4 ain
|9 548296
|
| 245 |
1 |
0 |
|a Zodpovednosť, termíny, kvalita
|b stavebníctvo negatívne ovplyvňuje zastavenie finančných tokov
|c Veronika Fitzeková
|
| 300 |
|
|
|b Obr.
|
| 610 |
|
7 |
|a Bardejovské pozemné stavby (Bardejov, Slovensko)
|2 snkbucl
|9 1619027
|
| 651 |
|
7 |
|a Bardejov (Slovensko : okres)
|2 snkbucl
|9 28620
|
| 655 |
|
7 |
|a články z novín a časopisov
|2 snkbucl
|9 267496
|
| 700 |
1 |
|
|a Nemec, Ladislav
|4 aut
|4 uin
|9 642652
|
| 773 |
0 |
|
|t Staviteľstvo
|g Roč. 3, č. 6 (1998), s. 4-5
|
| 850 |
|
|
|a Slovenská národná knižnica v Martine
|
| 852 |
|
|
|a SNK
|b KIS3GCP
|
| 958 |
|
|
|a RBX
|
| 999 |
|
|
|c 3336069
|d 3337999
|